00645nam a2200193Ia 450000500170000000800410001702000310005804000190008904100120010808200150012024500700013526000580020530000210026350400400028465000430032465100490036770000250041685000100044120230213102834.0131103s9999 xx 000 0 und d a8171566324cRs 375 per vol aLoreto College aEnglish a820.9bBHA aTwentieth Century Literature in Englishcedited by M.K.Bhatanagar aNew DelhibAtlantic Publishers and Distributorsc2000 a3 vols, 22.5 cm. aIncludes bibliographical references aLiterature, English, Twentietb Century aEnglish Literature - History and Criticism  aBhatanagar, M.K., ed aLCLIB